Myth and modern American drama / (Record no. 200468130)

MARC details
000 -LEADER
fixed length control field 03339cam a2200589 i 4500
001 - CONTROL NUMBER
control field 200468130
003 - CONTROL NUMBER IDENTIFIER
control field TR-AnTOB
005 - DATE AND TIME OF LATEST TRANSACTION
control field 20260415161611.0
007 - PHYSICAL DESCRIPTION FIXED FIELD--GENERAL INFORMATION
fixed length control field ta
008 - FIXED-LENGTH DATA ELEMENTS--GENERAL INFORMATION
fixed length control field 260415t19691969miu b 001 0 eng
010 ## - LIBRARY OF CONGRESS CONTROL NUMBER
LC control number 68021543
015 ## - NATIONAL BIBLIOGRAPHY NUMBER
National bibliography number 761525769
Source can
National bibliography number 761525769 rev /r842
Source can
National bibliography number 761525769 Rev
Source can
016 ## - NATIONAL BIBLIOGRAPHIC AGENCY CONTROL NUMBER
Record control number (AMICUS)000001682738
Record control number 002962909
Source Uk
Record control number BA0346107X
Source JP-ToKJK
020 ## - INTERNATIONAL STANDARD BOOK NUMBER
International Standard Book Number 0814315127
035 ## - SYSTEM CONTROL NUMBER
System control number (CU-S)b62928430-01ucs_sdi
System control number (OCoLC)00001173
Canceled/invalid control number (OCoLC)1029643912
-- (OCoLC)1029728319
-- (OCoLC)1030291416
-- (OCoLC)1124637818
-- (OCoLC)1171926430
-- (OCoLC)1183330363
-- (OCoLC)1543420857
-- (OCoLC)1553001501
System control number (OCoLC)ocm00001173
System control number (EXLNZ-01UCS_NETWORK)9912442147106531
System control number (TR-AnTOB)200468130
040 ## - CATALOGING SOURCE
Original cataloging agency DLC
Language of cataloging eng
Description conventions rda
Transcribing agency DLC
Modifying agency BUF
-- BAKER
-- BTCTA
-- LVB
-- GEBAY
-- DEBBG
-- UKMGB
-- BDX
-- GBVCP
-- OCLCO
-- AQ5
-- OCLCQ
-- OCLCO
-- EVI
-- SFR
-- UKUOY
-- OCLCQ
-- CSJ
-- NLC
-- OCLCO
-- DHA
-- XFF
-- TYC
-- OCLCQ
-- OCLCO
-- OCLCQ
-- OCLCF
-- OCLCQ
-- OCLCO
-- OCLCQ
-- OCLCO
-- OCLCA
-- OCLCQ
-- OCLCA
-- IL4J6
-- OCLCO
-- UVA
-- OCLCO
-- OCLCL
-- WVU
-- JABUK
-- OCLCQ
-- NNM
-- NZ1
-- OKX
-- BOS
-- CPO
-- OCLCL
-- (TR-AnTOB)
041 0# - LANGUAGE CODE
Language code of text/sound track or separate title İngilizce
043 ## - GEOGRAPHIC AREA CODE
Geographic area code n-us---
050 04 - LIBRARY OF CONGRESS CALL NUMBER
Classification number PS351
Item number .P672 1969
072 #7 - SUBJECT CATEGORY CODE
Subject category code coll1
Source lacc
090 ## - LOCALLY ASSIGNED LC-TYPE CALL NUMBER (OCLC); LOCAL CALL NUMBER (RLIN)
Classification number (OCLC) (R) ; Classification number, CALL (RLIN) (NR) PS351
Local cutter number (OCLC) ; Book number/undivided call number, CALL (RLIN) .P672 1969
100 1# - MAIN ENTRY--PERSONAL NAME
Personal name Porter, Thomas E.
Relator term author
Relator code aut
9 (RLIN) 153685
245 10 - TITLE STATEMENT
Title Myth and modern American drama /
Statement of responsibility, etc. by Thomas E. Porter.
264 #1 - PRODUCTION, PUBLICATION, DISTRIBUTION, MANUFACTURE, AND COPYRIGHT NOTICE
Place of production, publication, distribution, manufacture Detroit :
Name of producer, publisher, distributor, manufacturer Wayne State University Press,
Date of production, publication, distribution, manufacture, or copyright notice 1969.
Date of production, publication, distribution, manufacture, or copyright notice ©1969
300 ## - PHYSICAL DESCRIPTION
Extent 285 pages ;
Dimensions 21 cm
336 ## - CONTENT TYPE
Content type term text
Content type code txt
Source rdacontent
337 ## - MEDIA TYPE
Media type term unmediated
Media type code n
Source rdamedia
338 ## - CARRIER TYPE
Carrier type term volume
Carrier type code nc
Source rdacarrier
504 ## - BIBLIOGRAPHY, ETC. NOTE
Bibliography, etc. note Includes bibliographical references and index.
505 00 - FORMATTED CONTENTS NOTE
Miscellaneous information Introduction: the dramatic milieu and American drama --
Title Puritan ego and Freudian unconscious: Mourning becomes Electra --
-- The old woman, the doctor and the cook: The cocktail party --
-- Who knows not patient Job: J.B. --
-- Tragedy and the private eye: Detective story --
-- Acres of diamonds: Death of a salesman --
-- The passing of the old South: A streetcar named desire --
-- The long shadow of the law: The crucible --
-- A green corner of the universe: Our town --
-- Fun and games in suburbia: Who's afraid of Virginia Woolf? --
Miscellaneous information Conclusion:
Title The vision of American drama.
600 10 - SUBJECT ADDED ENTRY--PERSONAL NAME
Personal name O'Neill, Eugene,
Dates associated with a name 1888-1953.
Title of a work Mourning becomes Electra
Authority record control number or standard number http://id.loc.gov/authorities/names/n2017053465
9 (RLIN) 153686
Personal name Kingsley, Sidney,
Dates associated with a name 1906-1995.
Title of a work Detective story
9 (RLIN) 153687
Personal name Miller, Arthur,
Dates associated with a name 1915-2005.
Title of a work Death of a salesman
Authority record control number or standard number http://id.loc.gov/authorities/names/no2012068816
9 (RLIN) 153688
Personal name Williams, Tennessee,
Dates associated with a name 1911-1983.
Title of a work Streetcar named Desire
Authority record control number or standard number http://id.loc.gov/authorities/names/n84056621
9 (RLIN) 153689
Personal name Miller, Arthur,
Dates associated with a name 1915-2005.
Title of a work Crucible
Authority record control number or standard number http://id.loc.gov/authorities/names/no2016098665
9 (RLIN) 153690
Personal name Wilder, Thornton,
Dates associated with a name 1897-1975.
Title of a work Our town
Authority record control number or standard number http://id.loc.gov/authorities/names/no2013004589
9 (RLIN) 153691
Personal name Albee, Edward,
Dates associated with a name 1928-2016.
Title of a work Who's afraid of Virginia Woolf?
Authority record control number or standard number http://id.loc.gov/authorities/names/no2012070972
9 (RLIN) 153692
650 #0 - SUBJECT ADDED ENTRY--TOPICAL TERM
Topical term or geographic name entry element American drama
Chronological subdivision 20th century
General subdivision History and criticism
9 (RLIN) 93437
Topical term or geographic name entry element Myth in literature
Authority record control number or standard number http://id.loc.gov/authorities/subjects/sh85089366
9 (RLIN) 153656
942 ## - ADDED ENTRY ELEMENTS (KOHA)
Source of classification or shelving scheme Library of Congress Classification
Koha item type Book
Holdings
Withdrawn status Lost status Source of classification or shelving scheme Damaged status Not for loan Collection code Home library Current library Shelving location Date acquired Source of acquisition Inventory number Total Checkouts Full call number Barcode Date last seen Copy number Date shelved Koha item type Public note
    Library of Congress Classification Kullanılmış / Used Ödünç Verilemez-Kurumiçi kullanım / Not for loan-For inhouse use Genel Koleksiyon Tıp Fakültesi Medikal Kütüphane Tıp Fakültesi Medikal Kütüphane Genel Koleksiyon / Main Collection 18/03/2026 Bağış / Donation İDE   PS351 .P672 1969 TıpFaK TF03102 15/04/2026 1 15/04/2026 Book Donated by Prof. Dr. Şükrü Cin
Devinim Yazılım Eğitim Danışmanlık tarafından Koha'nın orjinal sürümü uyarlanarak geliştirilip kurulmuştur.